000 00330nam a2200097Ia 4500
082 _a379.68 FLEI
245 0 _aManaging educational change : the state and school reform in South Africa
100 _a FLEISCH, Brahm D. Sandown, South Africa, 2002 1st ed
_971233
942 _cBK
008 210817s9999 xx 000 0 und d
999 _c231666
_d231665